000 01755cam a2200325 4500500
005 20251228051212.0
041 _afre
042 _adc
100 1 0 _aDelieutraz, Séverine
_eauthor
245 0 0 _aLe vécu d'impuissance chez le soignant : entre pertes et élan retrouvé
260 _c2012.
500 _a60
520 _aRésuméAu cours de leur parcours professionnel, les soignants peuvent parfois éprouver un vécu d’impasse lors de certaines prises en charge. Comment ce vécu peut-il être pensé et ainsi dépassé ? Au cours de la réflexion, il apparaîtra que, bien souvent, le soignant devra lui-même entrer dans un processus de renoncement pour mieux « prendre soin » et vivre sa profession de manière plus apaisée.
520 _aPowerlessness and the caregiver: from loss to renewed enthusiasmIn the course of their professional career, caregivers can sometimes reach an impasse with certain patients. How can this experience be addressed and overcome ? Following a careful examination of the issue, it appears that in many cases, the caregivers themselves must ‘give up’, in order to provide better care and be able to carry out their work with greater composure.
690 _acontre-transfert
690 _adeuil
690 _aidéal soignant
690 _aimpuissance
690 _areprésentations
690 _atoute-puissance
690 _acounter-transference
690 _agrief
690 _aideal care
690 _amourning
690 _aomnipotence
690 _apowerlessness
690 _apreconceptions
786 0 _nCliniques | 4 | 2 | 2012-11-01 | p. 146-162 | 2115-8177
856 4 1 _uhttps://shs.cairn.info/revue-cliniques-2012-2-page-146?lang=fr&redirect-ssocas=7080
999 _c1581392
_d1581392